Random Roman Numeral - Vice Versa - Statistics

General Stats
  • This quiz has been taken 60 times
  • The average score is 17 of 20
Answer Stats
Hint Answer % Correct
C 100
100%
M 1000
100%
MIX 1009
100%
CII 102
100%
CVI 106
100%
MLXVI 1066
100%
CIX 109
100%
MCXI 1111
100%
XII 12
100%
XIII 13
100%
CXXXI 131
100%
XIV 14
100%
XV 15
100%
XVI 16
100%
CLXX 170
100%
XVIII 18
100%
XVIII 18
100%
XIX 19
100%
CXCVIII 198
100%
CXCIX 199
100%
XX 20
100%
MMXCIX 2099
100%
CCXXI 221
100%
MMCCXV 2215
100%
CCLXXXV 285
100%
XXX 30
100%
XXXVII 37
100%
IV 4
100%
XL 40
100%
XLIV 44
100%
XLV 45
100%
D 500
100%
DLV 555
100%
VI 6
100%
DCLXIII 663
100%
DCCIX 709
100%
LXXVI 76
100%
LXXIX 79
100%
VIII 8
100%
LXXXIV 84
100%
LXXXVIII 88
100%
IX 9
100%
XCI 91
100%
XCVI 96
100%
200 CC
100%
300 CCC
100%
285 CCLXXXV
100%
212 CCXII
100%
219 CCXIX
100%
244 CCXLIV
100%
231 CCXXXI
100%
427 CDXXVII
100%
157 CLVII
100%
186 CLXXXVI
100%
187 CLXXXVII
100%
110 CX
100%
111 CXI
100%
113 CXIII
100%
119 CXIX
100%
130 CXXX
100%
133 CXXXIII
100%
555 DLV
100%
50 L
100%
60 LX
100%
69 LXIX
100%
65 LXV
100%
70 LXX
100%
73 LXXIII
100%
79 LXXIX
100%
89 LXXXIX
100%
1,215 MCCXV
100%
1,981 MCMLXXXI
100%
1,990 MCMXC
100%
1,991 MCMXCI
100%
1,992 MCMXCII
100%
1,999 MCMXCIX
100%
1,995 MCMXCV
100%
1,996 MCMXCVI
100%
1,940 MCMXL
100%
1,066 MLXVI
100%
2,000 MM
100%
2,222 MMCCXXII
100%
3,333 MMMCCCXXXIII
100%
3,901 MMMCMI
100%
3,901 MMMCMI
100%
4,026 MMMMXXVI
100%
2,010 MMX
100%
2,014 MMXIV
100%
2,033 MMXXXIII
100%
8 VIII
100%
10 X
100%
90 XC
100%
90 XC
100%
93 XCIII
100%
98 XCVIII
100%
14 XIV
100%
19 XIX
100%
40 XL
100%
44 XLIV
100%
15 XV
100%
CXLVII 147
83%
CCLVIII 258
80%
XC 90
80%
875 DCCCLXXV
80%
1,994 MCMXCIV
80%
1,666 MDCLXVI
80%
XI 11
75%
MMXXI 2021
75%
VII 7
75%
XCIX 99
75%
266 CCLXVI
75%
4 IV
75%
1,970 MCMLXX
75%
5 V
75%
MV 1005
67%
CLVI 156
67%
DCCC 800
67%
100 C
67%
171 CLXXI
67%
145 CXLV
67%
765 DCCLXV
67%
741 DCCXLI
67%
507 DVII
67%
CXI 111
50%
CLXXXVII 187
50%
MCML 1950
50%
XLIX 49
50%
149 CXLIX
50%
49 IL
50%
9 IX
50%
74 LXXIV
50%
1,975 MCMLXXV
50%
1,993 MCMXCIII
50%
1,997 MCMXCVII
50%
2,006 MMVI
50%
CMI 901
33%
106 CVI
33%
142 CXLII
33%
X 10
0%
MCCXV 1215
0%
MCCCXXXIII 1333
0%
XVII 17
0%
CLXXXIX 189
0%
CDXCIX 499
0%
V 5
0%
109 CIX
0%
164 CLXIV
0%
3,210 MMMCX
0%
13 XIII
0%
17 XVII
0%
20 XX
0%
290 XXCX
0%
No matching quizzes found
Score Distribution
Percent of People with Each Score
Percentile by Number Answered
Your Score History
You have not taken this quiz